[Event "7th Tan Chin Nam Cup"]
[Site "Shanghai CHN"]
[Date "2001.07.18"]
[Round "9"]
[White "Xu Jun"]
[Black "Dreev,A"]
[Result "1/2-1/2"]
[WhiteElo "2655"]
[BlackElo "2690"]

1.d4 d5 2.c4 c6 3.Nf3 Nf6 4.Nc3 e6 5.e3 Nbd7 6.Qc2 Bd6 7.Bd3 O-O 8.O-O dxc4
9.Bxc4 a6 10.Be2 c5 11.dxc5 Nxc5 12.Bd2 b6 13.b4 Ncd7 14.Ne4 Be7 15.Nxf6+ Bxf6
16.Bc3 Bb7 17.Bxf6 Nxf6 18.Rac1 a5 19.Rfd1 Qe7 20.bxa5 Rxa5 21.Qb2 Bd5 22.Qxb6 Rxa2
23.Bc4 Bxf3 24.Bxa2 Bxd1 25.Rxd1 Qa3 26.Bc4 Qc3 27.Qd4 Qxd4 28.Rxd4 Rc8 29.Bf1 h5
30.Rc4 Ra8 31.Rc2 Kf8  1/2-1/2

[Event "EUR vs Tartarstan"]
[Site "Kazan RUS"]
[Date "2001.08.15"]
[Round "1"]
[White "Karpov,An"]
[Black "Dreev,A"]
[Result "1/2-1/2"]
[WhiteElo "2692"]
[BlackElo "2690"]

1.d4 d5 2.c4 c6 3.Nf3 Nf6 4.e3 Bf5 5.Nc3 e6 6.Nh4 Bg6 7.Be2 Nbd7 8.Bd2 Be7
9.Nxg6 hxg6 10.Qc2 Qc7 11.h3 Nb6 12.c5 Nbd7 13.b4 e5 14.b5 Nf8 15.bxc6 bxc6
16.Rb1 Ne6 17.Qa4 exd4 18.exd4 Rh4 19.g4 Kf8 20.Be3 Re8 21.Qb4 Nd7 22.Qb7 Qxb7
23.Rxb7 Ndxc5 24.Rxa7 Bf6 25.Nxd5 Bxd4  1/2-1/2

[Event "EUR vs Tartarstan"]
[Site "Kazan RUS"]
[Date "2001.08.16"]
[Round "2"]
[White "Dreev,A"]
[Black "Karpov,An"]
[Result "1/2-1/2"]
[WhiteElo "2690"]
[BlackElo "2692"]

1.d4 Nf6 2.c4 e6 3.Nf3 b6 4.a3 Bb7 5.Nc3 d5 6.Bg5 Be7 7.Qa4+ Qd7 8.Qxd7+ Nbxd7
9.Nb5 Kd8 10.cxd5 Nxd5 11.e4 h6 12.Bxe7+ Nxe7 13.Nc3 f5 14.Bd3 fxe4 15.Bxe4 Bxe4
16.Nxe4 Nf6 17.Ned2 Kc8 18.O-O-O Nc6 19.Rhe1 Re8 20.Ne4 Nxe4 21.Rxe4 Kb7
22.Rde1 Rad8 23.Rxe6  1/2-1/2

[Event "CHN-RUS Summit Men"]
[Site "Shanghai CHN"]
[Date "2001.09.07"]
[Round "1"]
[White "Dreev,A"]
[Black "Xu Jun"]
[Result "1/2-1/2"]
[WhiteElo "2690"]
[BlackElo "2646"]

1.d4 Nf6 2.c4 e6 3.Nf3 d5 4.Nc3 dxc4 5.e4 Bb4 6.Bg5 c5 7.e5 cxd4 8.Nxd4 Qa5
9.exf6 Bxc3+ 10.bxc3 Qxg5 11.fxg7 Qxg7 12.Qd2 O-O 13.Bxc4 Rd8 14.Qe3 Bd7
15.O-O Nc6 16.Nf3 Ne7 17.Ne5 Ng6 18.f4 Nxe5 19.fxe5 Bc6 20.g3 Rd7 21.Rf4 Kh8
22.Raf1 Rg8 23.Rd4 Rxd4 24.cxd4 Qg6 25.Bd3 Qh5 26.Be4 Rc8 27.Rc1 Kg7 28.Bxc6 Rxc6
29.Rxc6 bxc6 30.Kg2 f5 31.a3  1/2-1/2

[Event "CHN-RUS Summit Men"]
[Site "Shanghai CHN"]
[Date "2001.09.09"]
[Round "3"]
[White "Dreev,A"]
[Black "Peng Xiaomin"]
[Result "1/2-1/2"]
[WhiteElo "2690"]
[BlackElo "2629"]

1.d4 Nf6 2.c4 g6 3.Nc3 d5 4.Nf3 Bg7 5.Bf4 O-O 6.Rc1 dxc4 7.e4 Bg4 8.Bxc4 Nh5
9.Bg5 Bxf3 10.Qxf3 Qxd4 11.Nd5 Nc6 12.Nxe7+ Nxe7 13.Bxe7 Nf6 14.Bxf8 Rxf8
15.O-O Qxb2 16.e5 Ne8 17.Rfe1 Bxe5 18.Rb1 Qd4 19.Qd5 Qxd5 20.Bxd5 Bd4 21.Bxb7 Nd6
22.Bc6 h5 23.g3 Bb6 24.Kg2 Kg7 25.a4 Rd8 26.Red1 Kf6 27.Rd5 a5 28.h3 Ke7
29.Re1+ Kf6 30.Re2 Rh8 31.Rd3 Rd8 32.Rf3+ Kg7 33.Re7 Kf8 34.Rd7 Rxd7 35.Bxd7 Ke7
36.Bc6 Nf5 37.Bd5 Bd4 38.Kf1 c5 39.Rb3 Nd6 40.Rb8  1/2-1/2

[Event "CHN-RUS Summit Men"]
[Site "Shanghai CHN"]
[Date "2001.09.10"]
[Round "4"]
[White "Ye Jiangchuan"]
[Black "Dreev,A"]
[Result "1-0"]
[WhiteElo "2677"]
[BlackElo "2690"]

1.e4 c6 2.d4 d5 3.Nd2 dxe4 4.Nxe4 Bf5 5.Ng3 Bg6 6.h4 h6 7.Nf3 e6 8.Ne5 Bh7
9.Bd3 Bxd3 10.Qxd3 Nd7 11.f4 c5 12.Be3 Qa5+ 13.Bd2 Qa4 14.d5 Ne7 15.dxe6 Nxe5
16.fxe5 fxe6 17.Bc3 Rd8 18.Qe2 h5 19.O-O a6 20.Ne4 Nf5 21.Nd6+ Nxd6 22.exd6 Qg4
23.Qf2 Qg6 24.Be5 Bxd6 25.Bxd6 Rxd6 26.Qxc5 Rc6 27.Qa7 Qxc2 28.Qxb7 Qc5+
29.Kh1 Rc7 30.Qb8+ Rc8 31.Qg3 g5 32.Rae1 Rh6 33.Qf3 Qe7 34.hxg5 Rh8 35.Qb3 Rc6
36.Rd1 Qc7 37.Qd3 Rg8 38.Qf3  1-0

[Event "ECC"]
[Site "Panormo GRE"]
[Date "2001.09.23"]
[Round "1"]
[White "Dreev,A"]
[Black "Zifroni,D"]
[Result "1-0"]
[WhiteElo "2690"]
[BlackElo "2548"]

1.d4 d5 2.c4 dxc4 3.Nf3 Nf6 4.e3 e6 5.Bxc4 c5 6.O-O a6 7.Bb3 b5 8.a4 b4 9.Nbd2 cxd4
10.exd4 Be7 11.Nc4 Bb7 12.a5 Nbd7 13.Bf4 O-O 14.Re1 Bd5 15.Qd3 Ra7 16.h3 Nb8
17.Nfe5 Nfd7 18.Bc2 g6 19.Bh6 Re8 20.Ba4 Bg5 21.Nd6 Nxe5 22.dxe5 Bxh6 23.Nxe8 Bg5
24.Qd4 Re7 25.Nd6 Qxa5 26.Bb3 Qd8 27.Bxd5 exd5 28.Qxd5  1-0

[Event "ECC"]
[Site "Panormo GRE"]
[Date "2001.09.24"]
[Round "2"]
[White "Storland,K"]
[Black "Dreev,A"]
[Result "0-1"]
[WhiteElo "2282"]
[BlackElo "2690"]

1.Nf3 d5 2.d4 Nf6 3.Bf4 c5 4.e3 Nc6 5.c4 Bg4 6.dxc5 e5 7.Bg5 Bxf3 8.gxf3 d4
9.a3 h6 10.Bh4 a5 11.Qb3 g5 12.Bg3 Bxc5 13.Qxb7 Rc8 14.Bh3 Rc7 15.Qb5 Qd6
16.Bf5 O-O 17.h4 dxe3 18.hxg5 exf2+ 19.Bxf2 Bxf2+ 20.Kxf2 Qd4+ 21.Ke2 Qf4
22.Rd1 hxg5 23.Qb6 e4 24.fxe4 Nxe4 25.Bxe4 Qxe4+ 26.Qe3 Qg2+  0-1

[Event "World Teams"]
[Site "Yerevan ARM"]
[Date "2001.10.12"]
[Round "1"]
[White "Gyimesi,Z"]
[Black "Dreev,A"]
[Result "1/2-1/2"]
[WhiteElo "2605"]
[BlackElo "2676"]

1.d4 d5 2.c4 c6 3.Nf3 Nf6 4.Nc3 e6 5.Bg5 h6 6.Bxf6 Qxf6 7.e3 Nd7 8.Bd3 dxc4
9.Bxc4 g6 10.O-O Qe7 11.Qe2 Bg7 12.e4 O-O 13.e5 b5 14.Bd3 Bb7 15.Ne4 c5  1/2-1/2

[Event "World Teams"]
[Site "Yerevan ARM"]
[Date "2001.10.19"]
[Round "8"]
[White "Safin,S"]
[Black "Dreev,A"]
[Result "1/2-1/2"]
[WhiteElo "2538"]
[BlackElo "2676"]

1.d4 d5 2.c4 c6 3.Nf3 Nf6 4.Nc3 e6 5.e3 Nbd7 6.Bd3 dxc4 7.Bxc4 b5 8.Bd3 Bb7
9.a3 Bd6 10.O-O O-O 11.Bd2 Qe7 12.Qc2 Rfc8 13.e4 e5 14.Rae1 a6 15.Bg5 h6
16.Bxf6 Qxf6 17.dxe5 Bxe5 18.Nxe5 Nxe5 19.f4 Nxd3 20.Qxd3 Rd8 21.Qe3 Qd4
22.Qxd4 Rxd4 23.Rd1 Rad8 24.Kf2 c5 25.Rxd4 Rxd4 26.Ke3 a5 27.Ra1 b4 28.axb4 axb4
29.Nd5 f5 30.Ne7+ Kf7 31.Nxf5 Rxe4+ 32.Kd2 Kg6 33.Ra7 Kxf5 34.Rxb7 Rxf4 35.Rxg7 Rf2+
36.Kc1 Ke4 37.Rg6 b3 38.Re6+ Kd3 39.Rd6+ Ke3 40.Re6+ Kd3 41.Rd6+ Ke4 42.Re6+ Kd5
43.Rxh6 Rc2+ 44.Kb1 Rxg2 45.Kc1 Kc4 46.Rd6 Rxh2 47.Rd1 Kb4 48.Rg1 Rh4 49.Kb1 Kc4
50.Rd1 Rh3 51.Kc1 Rh4 52.Rg1 Kd4 53.Rd1+ Ke3 54.Re1+ Kd3 55.Rg1 Rh3 56.Kd1 Rf3
57.Rh1 Rg3 58.Kc1 Re3 59.Rd1+ Ke4 60.Rd8 c4 61.Re8+ Kf3 62.Rf8+ Ke2 63.Rh8 Rf3
64.Re8+ Re3 65.Rh8 Re4 66.Rf8 Ke3 67.Rf7 Rh4 68.Re7+ Re4 69.Rf7 Rf4 70.Re7+ Kd3
71.Rd7+ Rd4 72.Re7 Rd8 73.Rh7 Ra8 74.Rh3+ Kd4 75.Rh4+ Kc5 76.Rh5+ Kb4 77.Kb1 Rd8
78.Kc1 Re8 79.Rh1 Re2 80.Rg1 Rc2+ 81.Kb1 Kc5 82.Rg5+ Kd4 83.Rg4+ Ke3 84.Rh4 Kf3
85.Rd4 Ke2 86.Rh4 Kd3  1/2-1/2

[Event "Corus"]
[Site "Wijk aan Zee NED"]
[Date "2002.01.12"]
[Round "1"]
[White "Dreev,A"]
[Black "Khalifman,A"]
[Result "1/2-1/2"]
[WhiteElo "2683"]
[BlackElo "2688"]

1.d4 Nf6 2.c4 g6 3.Nc3 d5 4.Nf3 Bg7 5.Bf4 O-O 6.Rc1 dxc4 7.e3 Be6 8.Ng5 Bd5
9.e4 h6 10.exd5 hxg5 11.Bxg5 Nxd5 12.Bxc4 Nb6 13.Bb3 Nc6 14.Ne2 a5 15.a3 a4
16.Ba2 Nxd4 17.Nxd4 Qxd4 18.Qxd4 Bxd4 19.Rxc7 Rac8 20.Rxc8 Rxc8 21.Kd2 e6
22.Be3 Bxe3+ 23.fxe3 Nc4+ 24.Bxc4  1/2-1/2

[Event "Corus"]
[Site "Wijk aan Zee NED"]
[Date "2002.01.13"]
[Round "2"]
[White "Lautier,J"]
[Black "Dreev,A"]
[Result "1/2-1/2"]
[WhiteElo "2687"]
[BlackElo "2683"]

1.d4 d5 2.c4 c6 3.Nf3 Nf6 4.Nc3 e6 5.Bg5 h6 6.Bxf6 Qxf6 7.e3 Nd7 8.Bd3 dxc4
9.Bxc4 g6 10.O-O Qe7 11.Qc2 Bg7 12.Ne2 b5 13.Bd3 Bb7 14.Nd2 Rc8 15.Rac1 O-O
16.Nb3 e5 17.Rfd1 a6 18.Ng3 f5 19.Bf1  1/2-1/2

[Event "Corus"]
[Site "Wijk aan Zee NED"]
[Date "2002.01.15"]
[Round "3"]
[White "Dreev,A"]
[Black "Kasimdzhanov,R"]
[Result "0-1"]
[WhiteElo "2683"]
[BlackElo "2695"]

1.d4 Nf6 2.c4 e6 3.Nf3 d5 4.Nc3 c5 5.cxd5 Nxd5 6.e3 Nc6 7.Bd3 Be7 8.O-O O-O
9.a3 cxd4 10.exd4 Bf6 11.Re1 Bd7 12.Ne4 Bxd4 13.Neg5 h6 14.Nxd4 hxg5 15.Nf3 f6
16.h4 g4 17.Nh2 g3 18.fxg3 Ne5 19.Rxe5 fxe5 20.Nf3 Bb5 21.Bg5 Qb6+ 22.Kh2 Bxd3
23.Qxd3 Qxb2 24.Re1 Qc3 25.Qxc3 Nxc3 26.Rxe5 Rae8 27.g4 Rf7 28.Be3 Nd5 29.Bd4 b6
30.Rg5 Nf6 31.Rg6 Rd8 32.h5 Rd5 33.Kh3 Nd7 34.h6 e5 35.Bb2 Nf8 36.Rc6 gxh6
37.Nxe5 Re7 38.Nf3 Re6 39.Rc8 Kf7 40.Nh4 Rd3+ 41.g3 Rd2 42.Bc3 Rd3 43.Nf5 Rd1
44.Kg2 a5 45.Bd4 Ng6 46.Nxh6+ Ke7 47.Nf5+ Kd7 48.Rb8 Kc7 49.Rg8 Rd3 50.Rg7+ Kb8
51.g5 Rxa3 52.Bf6 Re2+ 53.Kh3 Nf4+ 54.Kg4 Nd5 55.Nd6 Rd3 56.Nf7 Re4+ 57.Kf5 Re8
58.Be5+ Ka8 59.g6 a4 60.Rh7 a3 61.g7 Rf3+ 62.Ke4 Rxf7 63.g8=Q Nf6+ 64.Kf4 Nd5+
65.Ke4 Nf6+ 66.Kf4 Nxg8+ 67.Rxf7 Ne7 68.Bg7 Nd5+ 69.Kg5 b5 70.Rd7 Rg8 71.Kh6 Rxg7
72.Rd8+ Kb7  0-1

[Event "Corus"]
[Site "Wijk aan Zee NED"]
[Date "2002.01.16"]
[Round "4"]
[White "Adams,Mi"]
[Black "Dreev,A"]
[Result "1/2-1/2"]
[WhiteElo "2742"]
[BlackElo "2683"]

1.e4 c6 2.d4 d5 3.exd5 cxd5 4.c4 Nf6 5.Nc3 Nc6 6.Nf3 Bg4 7.cxd5 Nxd5 8.Qb3 Bxf3
9.gxf3 e6 10.Qxb7 Nxd4 11.Bb5+ Nxb5 12.Qc6+ Ke7 13.Qxb5 Qd7 14.Nxd5+ Qxd5
15.Qxd5 exd5 16.O-O Ke6 17.Re1+ Kf5 18.Rd1 Rd8 19.Be3 Rd7 20.Rac1 Be7 21.Rd4 g5
22.Ra4 Bf6 23.b4 d4 24.Ra5+ Kg6 25.Bd2 Re8 26.Kf1 d3 27.Rd1 h6 28.Be3 Bc3
29.a3 Ree7 30.Ra6+ Kh5 31.Rc6 Bd4 32.Rxd3 Bxe3 33.Rxd7 Rxd7 34.fxe3 Rd3 35.Kf2 Rxa3
36.Rf6 Rb3 37.Rxf7 Kh4 38.Rxa7 Rb2+ 39.Kg1  1/2-1/2

[Event "Corus"]
[Site "Wijk aan Zee NED"]
[Date "2002.01.17"]
[Round "5"]
[White "Dreev,A"]
[Black "Piket,Je"]
[Result "1-0"]
[WhiteElo "2683"]
[BlackElo "2659"]

1.d4 Nf6 2.c4 e6 3.Nf3 d5 4.Nc3 dxc4 5.e4 Bb4 6.Bg5 c5 7.e5 h6 8.Bd2 Bxc3
9.bxc3 Ne4 10.Bxc4 Bd7 11.d5 O-O 12.O-O exd5 13.Bxd5 Bc6 14.Bxe4 Bxe4 15.Be3 Qxd1
16.Rfxd1 b6 17.Rd6 Rc8 18.Nd2 Bf5 19.h3 h5 20.Bg5 Nc6 21.f4 Na5 22.Re1 Re8
23.Kf2 Re6 24.Rd5 Rae8 25.g4 hxg4 26.hxg4 Bxg4 27.Rg1 Bf5 28.Bf6 Bg6 29.Bh4 Bf5
30.Rg5 Rh6 31.Rxf5 Rxh4 32.Rd7 f6 33.exf6 gxf6 34.Rxf6 Rf8 35.Rxf8+ Kxf8
36.Kg3 Rh1 37.Rxa7 Rd1 38.Ne4 Nc4 39.f5 Rf1 40.f6 Ne5 41.Ng5  1-0

[Event "Corus"]
[Site "Wijk aan Zee NED"]
[Date "2002.01.19"]
[Round "6"]
[White "Van Wely,L"]
[Black "Dreev,A"]
[Result "1/2-1/2"]
[WhiteElo "2697"]
[BlackElo "2683"]

1.d4 d5 2.c4 c6 3.Nc3 Nf6 4.Nf3 e6 5.Bg5 h6 6.Bh4 dxc4 7.e4 g5 8.Bg3 b5 9.Be2 Bb7
10.h4 g4 11.Ne5 h5 12.O-O Nbd7 13.Qc2 Nxe5 14.Bxe5 Bg7 15.Rad1 O-O 16.f3 Nh7
17.Bxg7 Kxg7 18.fxg4 Qxh4 19.gxh5 Ng5 20.Qd2 Nh3+ 21.gxh3 Qg3+ 22.Kh1 Qxh3+
23.Kg1 Qg3+ 24.Kh1 Qh3+  1/2-1/2

[Event "Corus"]
[Site "Wijk aan Zee NED"]
[Date "2002.01.21"]
[Round "8"]
[White "Leko,P"]
[Black "Dreev,A"]
[Result "1/2-1/2"]
[WhiteElo "2713"]
[BlackElo "2683"]

1.e4 c6 2.d4 d5 3.Nc3 dxe4 4.Nxe4 Bf5 5.Ng3 Bg6 6.h4 h6 7.Nf3 Nd7 8.h5 Bh7
9.Bd3 Bxd3 10.Qxd3 e6 11.Bf4 Ngf6 12.O-O-O Nd5 13.Bd2 Nb4 14.Qb3 a5 15.Kb1 a4
16.Qe3 Nd5 17.Qd3 b5 18.Ne5 Nxe5 19.dxe5 Qc7 20.f4 O-O-O 21.Qe2 Kb7 22.Ne4 f5
23.exf6 gxf6 24.c4 bxc4 25.Qxc4 Ra8 26.g4 Qb6 27.Bc3 Be7 28.g5 a3 29.gxf6 Ra4
30.Qb3 Qxb3 31.axb3 Rxe4 32.fxe7 Re8 33.Rhe1 axb2 34.Bxb2 Rxe1 35.Rxe1 Rxe7
36.Bc1 Kc7 37.f5 Kd7 38.fxe6+ Rxe6 39.Rxe6 Kxe6 40.Bxh6 Nf6  1/2-1/2

[Event "Corus"]
[Site "Wijk aan Zee NED"]
[Date "2002.01.22"]
[Round "9"]
[White "Dreev,A"]
[Black "Timman,J"]
[Result "1/2-1/2"]
[WhiteElo "2683"]
[BlackElo "2605"]

1.d4 d5 2.c4 c6 3.Nf3 Nf6 4.e3 a6 5.b3 Bg4 6.Nbd2 e6 7.Bd3 Bd6 8.Bb2 Nbd7
9.O-O Qb8 10.Qc2 O-O 11.h3 Bh5 12.Ng5 Bg6 13.Bxg6 hxg6 14.Rad1 Re8 15.Rfe1 Bh2+
16.Kh1 Bc7 17.Ndf3 a5 18.e4 dxe4 19.Nxe4 a4 20.Neg5 axb3 21.axb3 Bf4 22.h4 Ng4
23.g3 Nxf2+ 24.Qxf2 Bxg3 25.Qf1 Bxe1 26.Ne5 f6 27.Nxd7 Qg3 28.Qxe1 Qxb3 29.Ne4 Qxb2
30.Ndxf6+ gxf6 31.Nxf6+ Kf7 32.Nxe8 Rxe8 33.Qg3 Qc2 34.Rf1+ Kg8 35.Kg1 Rf8
36.Rxf8+ Kxf8 37.Qb8+ Kg7 38.Qc7+ Kf6 39.Qe5+ Kf7 40.Qc7+ Kf6 41.Qe5+  1/2-1/2

[Event "Corus"]
[Site "Wijk aan Zee NED"]
[Date "2002.01.24"]
[Round "10"]
[White "Bareev,E"]
[Black "Dreev,A"]
[Result "1-0"]
[WhiteElo "2707"]
[BlackElo "2683"]

1.d4 d5 2.c4 c6 3.Nf3 Nf6 4.e3 Bf5 5.Nc3 e6 6.Nh4 Be4 7.f3 Bg6 8.Qb3 Qc7
9.Bd2 Nbd7 10.Be2 Be7 11.g3 dxc4 12.Bxc4 Bh5 13.Be2 O-O 14.O-O c5 15.Rac1 Rad8
16.g4 Bg6 17.Nxg6 hxg6 18.Rfd1 Qb8 19.dxc5 Bxc5 20.g5 Nb6 21.Na4 Nxa4 22.gxf6 Rd5
23.Be1 Rg5+ 24.Kh1 Nb6 25.Bf2 Qe5 26.fxg7 Kxg7 27.Qc3 Na4 28.Qxe5+ Rxe5 29.b3 Bxe3
30.Bg3 Rc5 31.Rxc5 Nxc5 32.b4 Na6 33.Rd3 Bb6 34.Rd7 Rc8 35.a3 Nc7 36.Be5+ Kf8
37.Bd6+ Kg8 38.Bd3 Ne8 39.Be5 Bc7 40.Bd4 a6 41.Be4 Nd6 42.Bf6 b5 43.Kg2 Bb8
44.h4 Ne8 45.Be7 Be5 46.Ra7 f5 47.Ba8 Rc2+ 48.Kf1 Bd4 49.Rxa6 Nc7 50.Rd6 Rf2+
51.Ke1 Nxa8 52.Rxd4 Rxf3 53.a4 Nb6 54.axb5 Kf7 55.Bc5 e5 56.Rd8 Rb3 57.Bxb6 Rxb4
58.Rd5 Ke6 59.Rc5 Kd6 60.Rc6+ Kd5 61.Rxg6 Rxb5 62.h5 Rb2 63.Kf1 Rh2 64.Rg5 Ke4
65.Kg1 Rh3 66.Ba5 Ra3 67.Be1 f4 68.Kg2 Ra2+ 69.Bf2 Ra6 70.Rg6 Ra8 71.Rf6 Rg8+
72.Rg6 Rc8 73.Rg5 Rc6 74.Bh4 Re6 75.Rg6 Kf5 76.Rxe6 Kxe6 77.Kh3 Kf5 78.Bd8 e4
79.Kh4 e3 80.Bb6 Ke4 81.h6 f3 82.Kg3 f2 83.Kg2 Kd3 84.Kf1 Kd2 85.Bxe3+ Kxe3
86.h7 Kf3 87.h8=Q Ke3 88.Qh3+ Ke4 89.Kxf2 Kd4 90.Qe3+  1-0

[Event "Corus"]
[Site "Wijk aan Zee NED"]
[Date "2002.01.26"]
[Round "12"]
[White "Gelfand,B"]
[Black "Dreev,A"]
[Result "1/2-1/2"]
[WhiteElo "2703"]
[BlackElo "2683"]

1.c4 c6 2.e4 d5 3.exd5 Nf6 4.Nc3 cxd5 5.d4 Nc6 6.Bg5 dxc4 7.Bxc4 e6 8.Nf3 Be7
9.O-O O-O 10.Re1 a6 11.a4 Bd7 12.Qe2 Nd5 13.Bxe7 Ncxe7 14.Bxd5 Nxd5 15.Nxd5 exd5
16.Ne5 f6 17.Nd3 Re8 18.Qd2  1/2-1/2

[Event "Aeroflot Open"]
[Site "Moscow RUS"]
[Date "2002.02.05"]
[Round "1"]
[White "Dreev,A"]
[Black "Yemelin,V"]
[Result "0-1"]
[WhiteElo "2683"]
[BlackElo "2522"]

1.d4 Nf6 2.c4 e6 3.Nf3 b6 4.a3 c5 5.d5 Ba6 6.Qc2 exd5 7.cxd5 g6 8.Bf4 d6
9.Nc3 Bg7 10.Qa4+ Qd7 11.Bxd6 Qxa4 12.Nxa4 Nxd5 13.O-O-O Ne7 14.e4 Bxf1 15.Rhxf1 Nbc6
16.Nc3 Bxc3 17.bxc3 Rd8 18.Bc7 Rxd1+ 19.Rxd1 f6 20.e5 fxe5 21.Nxe5 Rf8 22.Nf3 Rf6
23.Bg3 Nf5 24.Bf4 h6 25.Bd2 g5 26.h3 Nd6 27.Kc2 Nc4 28.Re1+ Kd7 29.Bc1 b5
30.Rd1+ Kc7 31.Re1 a5 32.Re4 Nd6 33.Re2 Nc4 34.h4 g4 35.Nh2 N6e5 36.Nf1 Kc6
37.Ng3 a4 38.Nh5 Rd6 39.Nf4 Ng6 40.Nxg6 Rxg6 41.h5 Rf6 42.Kd1 Kd5 43.Kc2 Rf5
44.g3 Rxh5 45.Re8 Rf5 46.Re2 Re5 47.Rxe5+ Kxe5 48.Kd3 h5 49.Bf4+ Ke6 50.Ke4 Nxa3
51.Be3 Kd6 52.Bh6  0-1

[Event "Aeroflot Open"]
[Site "Moscow RUS"]
[Date "2002.02.05"]
[Round "2"]
[White "Annageldyev,O"]
[Black "Dreev,A"]
[Result "0-1"]
[WhiteElo "2483"]
[BlackElo "2683"]

1.e4 c6 2.d4 d5 3.Nc3 dxe4 4.Nxe4 Bf5 5.Ng3 Bg6 6.h4 h6 7.Nf3 e6 8.h5 Bh7
9.Bd3 Bxd3 10.Qxd3 Nf6 11.Bf4 Qa5+ 12.Bd2 Bb4 13.c3 Be7 14.Ne5 Nbd7 15.Nxd7 Nxd7
16.O-O O-O 17.f4 Rad8 18.b4 Qc7 19.Rae1 Rfe8 20.f5 e5 21.Ne4 Nf6 22.Qg3 Kf8
23.Bc1 Rd5 24.Kh1 Bd8 25.Nxf6 Bxf6 26.Re4 Qd7 27.dxe5 Rexe5 28.Rxe5 Bxe5
29.Qe3 Rd1 30.Qe2 Rxf1+ 31.Qxf1 Bxc3 32.a3 Qd5 33.Be3 b6 34.Kh2 Bb2 35.a4 Qe4
36.Qf3 Qxf3 37.gxf3 Ke7 38.Kg3 Kd6 39.Kf4 Kd5  0-1

[Event "Aeroflot Open"]
[Site "Moscow RUS"]
[Date "2002.02.06"]
[Round "3"]
[White "Dreev,A"]
[Black "Mchedlishvili,M"]
[Result "1/2-1/2"]
[WhiteElo "2683"]
[BlackElo "2527"]

1.d4 Nf6 2.c4 e6 3.Nf3 b6 4.a3 Ba6 5.Qc2 Bb7 6.Nc3 c5 7.e4 cxd4 8.Nxd4 Nc6
9.Nxc6 Bxc6 10.Bf4 Nh5 11.Be3 Bc5 12.Bxc5 bxc5 13.Qd2 e5 14.g3 O-O 15.O-O-O Rb8
16.Bd3 Re8 17.Rhf1 Nf6 18.f4 Qa5 19.Bc2 Qb6 20.b3 Qa6 21.a4 Qa5 22.Nb5 Qxd2+
23.Rxd2 exf4 24.Rxf4 Bxb5 25.cxb5 Re5 26.Rf5 Rxf5 27.exf5 Kf8 28.Rd6 Ke7
29.Ra6 Rb7 30.Kb2 Rc7 31.b4 cxb4 32.a5 Rb7 33.Kb3 Nd5 34.Be4 Rxb5 35.Rxa7 Kd6
36.Ra6+ Kc5 37.Ra7 Kd6 38.g4 Ne7 39.Bd3 Rb8 40.f6 gxf6 41.Bxh7 Rh8 42.Be4  1/2-1/2

[Event "Aeroflot Open"]
[Site "Moscow RUS"]
[Date "2002.02.07"]
[Round "4"]
[White "Mikhalevski,V"]
[Black "Dreev,A"]
[Result "1/2-1/2"]
[WhiteElo "2531"]
[BlackElo "2683"]

1.d4 d5 2.c4 c6 3.Nf3 Nf6 4.Nc3 e6 5.Bg5 h6 6.Bxf6 Qxf6 7.e3 Nd7 8.Bd3 dxc4
9.Bxc4 g6 10.O-O Qe7 11.Qe2 Bg7 12.e4 O-O 13.e5 Rd8 14.Rac1 b6 15.Rfe1 Rb8
16.Ba6 c5 17.d5 Bxa6 18.Qxa6 exd5 19.Nxd5 Qe6 20.Nf4 Qf5 21.Nd5 Qe6 22.Nf4 Qf5
23.Nd5 Qe6  1/2-1/2

[Event "Aeroflot Open"]
[Site "Moscow RUS"]
[Date "2002.02.08"]
[Round "6"]
[White "Miton,K"]
[Black "Dreev,A"]
[Result "0-1"]
[WhiteElo "2521"]
[BlackElo "2683"]

1.d4 d5 2.c4 c6 3.Nf3 Nf6 4.Nc3 e6 5.g3 Nbd7 6.Bg2 dxc4 7.a4 Bb4 8.Qc2 O-O
9.O-O a5 10.Na2 Bd6 11.Qxc4 e5 12.Nc3 exd4 13.Qxd4 Nc5 14.Bf4 Bxf4 15.Qxf4 Qb6
16.Rab1 Qb4 17.Rfd1 Qxf4 18.gxf4 Bf5 19.Ra1 Bc2 20.Re1 Nb3 21.Ra3 Nd7 22.e3 Ndc5
23.Nd4 Nxd4 24.exd4 Ne6 25.d5 Nxf4 26.dxc6 Nxg2 27.Rc1 bxc6 28.Rxc2 Ne1 29.Re2 Nf3+
30.Kg2 Nd4 31.Rd2 Rfd8 32.Ne4 Ne6 33.Rc3 f5 34.Rxd8+ Rxd8 35.Nc5 Nf4+ 36.Kf3 g5
37.h4 Nd5 38.Rc4 g4+ 39.Kg3 Rb8 40.Ne6 Rb3+ 41.Kg2 Rxb2 42.Rxc6 f4 43.Kg1 f3
44.Rc4 h5 45.Rc8+ Kf7 46.Ng5+ Ke7 47.Ne4 Nf4 48.Rc5 Nh3+ 49.Kh2 Nxf2 50.Nxf2 Rxf2+
51.Kg1 Rg2+ 52.Kf1 Rh2  0-1

[Event "Aeroflot Open"]
[Site "Moscow RUS"]
[Date "2002.02.10"]
[Round "9"]
[White "Grischuk,A"]
[Black "Dreev,A"]
[Result "1/2-1/2"]
[WhiteElo "2671"]
[BlackElo "2683"]

1.e4 c6 2.d4 d5 3.e5 Bf5 4.Nc3 e6 5.g4 Bg6 6.Nge2 Ne7 7.Nf4 c5 8.dxc5 Nec6
9.h4 Qc7 10.h5 Qxe5+ 11.Nfe2 Be4 12.Bf4 Qf6 13.g5 Qe7 14.Nxe4 dxe4 15.Nc3 Qxc5
16.Qd2 Qa5 17.Nxe4 Qxd2+ 18.Bxd2 Nd7 19.Bg2 h6 20.O-O-O hxg5 21.Bxg5 Rc8
22.Rh3 Nc5 23.Nd6+ Bxd6 24.Rxd6 Nd7 25.b3 Rc7 26.Kb2 Ne7 27.Rd1 b6 28.Bf4 e5
29.Bg5 f6 30.Bc1 Nc5 31.f4 e4 32.Be3 Kf7 33.Bxc5 Rxc5 34.Bxe4 Rhxh5 35.Rxh5 Rxh5
36.Rd7 a5 37.Rb7  1/2-1/2

[Event "FIDE GP"]
[Site "Dubai UAE"]
[Date "2002.04.03"]
[Round "1.2"]
[White "Dreev,A"]
[Black "Ye Jiangchuan"]
[Result "1/2-1/2"]
[WhiteElo "2683"]
[BlackElo "2676"]

1.d4 Nf6 2.Nf3 g6 3.Bg5 Bg7 4.Nbd2 O-O 5.e4 d6 6.c3 c5 7.dxc5 dxc5 8.Bc4 Nc6
9.O-O Qc7 10.Re1 Na5 11.Bf1 Be6 12.Qc2 b6 13.h3 Rad8 14.Rad1 h6 15.Be3 Kh7
16.Ba6 Nd7 17.Bb5 Ne5 18.b3 Bc8 19.Be2 Bb7 20.Nxe5 Qxe5 21.Rc1 Nc6 22.Nc4 Qc7
23.a4 Rd7 24.Rcd1 Rfd8 25.Rxd7 Rxd7 26.Rd1 Rxd1+ 27.Bxd1 Ne5 28.Nd2 Ba6 29.c4 Bb7
30.Nf3 Nc6 31.Qd2 Nb4 32.Bc2 Nxc2 33.Qxc2 Qc6 34.Nd2 f5 35.f3 e6 36.Qd3 Qc7
37.Bf2 Bc6 38.exf5 exf5 39.Nf1 Qe7 40.Ne3 Bd4 41.Nc2 Bf6 42.Ne3 Qe5 43.Nd5 Bg7
44.Qd1 Kg8 45.Ne3 Qe7 46.Nf1 Kf7 47.Bg3 Bd4+ 48.Bf2 Bf6 49.Bg3 h5 50.Qd2 h4
51.Bf4 g5 52.Be3 Kg6 53.Qd3 Qd7 54.Qc2 Qd6 55.Kf2 Bd7 56.Ke2 Be6 57.Qd3 Qe5
58.Kf2 Kf7 59.Qc2 Kg7 60.Bc1 g4 61.fxg4 fxg4 62.hxg4 Bxg4 63.Ne3 Be6 64.Kf1 Qf4+
65.Qf2 Qe4 66.Qd2 Qb1 67.Kf2 Bd4 68.Kf3 Qxb3 69.Qf2 Qb1 70.Qxh4 Qg6 71.Qe7+ Qf7+
72.Qxf7+ Kxf7 73.Nd5 Bf5 74.Bf4 Bd3 75.Ne3 Bc3 76.Bb8 a6 77.Bc7 Ba5 78.g4 Ke6
79.g5 Kd7 80.Be5 Bd2 81.Bf6 Kc6 82.Ng4 Kd6 83.Ne5 Bc2 84.g6 Ke6 85.g7 Bh7
86.Ng4 Bc1 87.Bd8  1/2-1/2

[Event "FIDE GP"]
[Site "Dubai UAE"]
[Date "2002.04.03"]
[Round "1.1"]
[White "Ye Jiangchuan"]
[Black "Dreev,A"]
[Result "0-1"]
[WhiteElo "2676"]
[BlackElo "2683"]

1.e4 c6 2.d4 d5 3.Nd2 dxe4 4.Nxe4 Bf5 5.Ng3 Bg6 6.h4 h6 7.Nf3 Nd7 8.h5 Bh7
9.Bd3 Bxd3 10.Qxd3 e6 11.Bf4 Ngf6 12.O-O-O Nd5 13.Bd2 Nb4 14.Bxb4 Bxb4 15.Kb1 Qa5
16.c4 O-O-O 17.Qe3 Bd6 18.Ne4 Bc7 19.c5 Nf6 20.Nxf6 gxf6 21.Rd3 Bb8 22.Nd2 Rdg8
23.Qf3 f5 24.d5 cxd5 25.c6 bxc6 26.Rc1 Kd7 27.Nb3 Qb4 28.Nd4 Be5 29.a3 Qxd4
30.Rxd4 Bxd4 31.Qd3 c5 32.b4 Rxg2 33.Qb5+ Ke7 34.bxc5 Be5 35.Kc2 Rxf2+ 36.Kd3 Rg8
37.Re1 f4  0-1

[Event "FIDE GP"]
[Site "Dubai UAE"]
[Date "2002.04.07"]
[Round "4.2"]
[White "Khalifman,A"]
[Black "Dreev,A"]
[Result "1-0"]
[WhiteElo "2688"]
[BlackElo "2683"]

1.e4 c6 2.d4 d5 3.e5 Bf5 4.Nc3 e6 5.g4 Bg6 6.Nge2 Ne7 7.Nf4 c5 8.dxc5 Nec6
9.h4 Qa5 10.Bd2 Qc7 11.Bg2 Qxe5+ 12.Qe2 Qxe2+ 13.Ncxe2 Na6 14.O-O-O Ne5 15.f3 h6
16.Bc3 Nc4 17.Nxg6 fxg6 18.Nf4 Kf7 19.Nxe6 Ne3 20.Nxf8 Rhxf8 21.Rd2 Rac8
22.Bh3 Nxc5 23.Re1 Rfe8 24.g5 Rc7 25.Bd4 Nf5 26.Rxe8 Kxe8 27.Be5 Rf7 28.Rxd5 Nd7
29.h5 gxh5 30.g6 Re7 31.Bc3 Ne3 32.Rxh5 Nb6 33.b3 Nbd5 34.Be5 Kd8 35.Kd2 b5
36.Bd6 Re8 37.Re5 b4 38.Rxe8+ Kxe8 39.Be6 h5 40.Kd3 h4 41.Ke4  1-0

[Event "FIDE GP"]
[Site "Dubai UAE"]
[Date "2002.04.08"]
[Round "5.1"]
[White "Radjabov,T"]
[Black "Dreev,A"]
[Result "1/2-1/2"]
[WhiteElo "2599"]
[BlackElo "2683"]

1.d4 d5 2.c4 c6 3.Nc3 Nf6 4.e3 g6 5.Nf3 Bg7 6.Bd3 O-O 7.O-O Bg4 8.h3 Bxf3
9.Qxf3 Qd6 10.b3 e5 11.dxe5 Qxe5 12.Bb2 dxc4 13.Bxc4 Nbd7 14.Rfd1 Rad8 15.Rab1 Qe7
16.Bf1 Nb6 17.Rxd8 Rxd8 18.Rd1 Nfd5 19.Nxd5 Rxd5 20.Bc1 Qc5 21.Qe2 a5 22.g3 Qd6
23.Rxd5 Nxd5 24.Qd2 Qb4 25.Bc4 Qxd2 26.Bxd2 Nc3 27.a4 Kf8 28.Bxc3  1/2-1/2

[Event "3rd Karpov It"]
[Site "Poikovsky RUS"]
[Date "2002.04.17"]
[Round "2"]
[White "Zvjaginsev,V"]
[Black "Dreev,A"]
[Result "1/2-1/2"]
[WhiteElo "2645"]
[BlackElo "2677"]

1.c4 c6 2.Nf3 d5 3.e3 Nf6 4.Nc3 e6 5.b3 Nbd7 6.Qc2 Bd6 7.Bb2 O-O 8.Be2 b6
9.Rg1 Qe7 10.g4 Ba3 11.g5 Ne8 12.Bxa3 Qxa3 13.h4 dxc4 14.bxc4 Nd6 15.h5 Ba6
16.Ne4 Nxe4 17.Qxe4 Nc5 18.Qe5 Nd7 19.Qd4 Qe7 20.Ne5 Nxe5 21.Qxe5 f6 22.gxf6 Rxf6
23.f4  1/2-1/2

[Event "3rd Karpov It"]
[Site "Poikovsky RUS"]
[Date "2002.04.21"]
[Round "6"]
[White "Dreev,A"]
[Black "Vaganian,R"]
[Result "1/2-1/2"]
[WhiteElo "2677"]
[BlackElo "2664"]

1.d4 d5 2.c4 e6 3.Nc3 Be7 4.cxd5 exd5 5.Bf4 c6 6.Qc2 Bd6 7.Bxd6 Qxd6 8.e3 Qg6
9.Qd2 Ne7 10.Nge2 Qd6 11.Ng3 Bf5 12.Nxf5 Nxf5 13.Bd3 Ne7 14.b4 a6 15.Na4 O-O
16.O-O f5 17.Qc3 Nd7 18.Nc5 Nxc5 19.Qxc5 Qd7 20.a4 Rac8 21.Rfd1 f4 22.exf4 Rxf4
23.g3 Rf6 24.Qc2 Rcf8 25.Rf1 h5 26.Rae1 Nf5 27.Bxf5 Qxf5 28.Qxf5 Rxf5 29.f4 h4
30.Re6 hxg3 31.hxg3 R5f6 32.Re5 a5 33.bxa5 Ra8 34.Rb1 Rf7 35.Kf2 g6 36.Kf3 Rxa5
37.Rb4 Ra8 38.Kg4 Kg7 39.Kg5 Rd8 40.Rb3 Rd6 41.a5 Rdf6 42.Rbe3 Rf5+ 43.Rxf5 Rxf5+
44.Kg4 Rf7 45.Re6 Kh7 46.Re5 Kh6 47.Kh4 Rd7 48.Re6 Rf7 49.Kg4 Kh7 50.Kf3 Rc7
51.Ke3 Kg7 52.Kd3 Kf7 53.Re1 Rc8 54.Kc3 Ra8 55.Kb4 Ra6 56.g4 Ra8 57.g5 Ra6
58.Re5 Ra8  1/2-1/2